header

The Richmond Theater fire (Record no. 90914)

MARC details
000 -LEADER
fixed length control field 01549nam a2200409Ia 4500
100 1# - MAIN ENTRY--AUTHOR NAME
Personal name Baker, Meredith Henne,
245 14 - TITLE STATEMENT
Title The Richmond Theater fire
260 ## - PUBLICATION, DISTRIBUTION, ETC. (IMPRINT)
Place of publication Baton Rouge :
Name of publisher Louisiana State University Press,
Year of publication c2012.
300 ## - PHYSICAL DESCRIPTION
Number of Pages x, 317 p. :
Other physical details ill.
650 #0 - SUBJECT ADDED ENTRY--TOPICAL TERM
Topical Term Fires
Topical Term Theaters
856 40 - ELECTRONIC LOCATION AND ACCESS
Uniform Resource Identifier http://site.ebrary.com/lib/rucke/Doc?id=10554041

No items available.

© 2026 Rongo University
Contact us: librarian | system librarian | Rongo university